000 00330nam a2200145Ia 4500
008 220531s9999 xx 000 0 und d
041 _aeng
245 _aManorama Year Book
260 _bMalayala
_c1995
300 _a799
542 _d14-02-1997
650 _aGenral
_934600
906 _d1996-1997
999 _c21310
_d21310